[Event "POL-ch U18 Girls"]
[Site "Szczyrk"]
[Date "2013.??.??"]
[Round "6"]
[White "Bednarczyk, Alicja"]
[Black "Fedak, Aleksandra"]
[Result "1-0"]
[WhiteElo "1510"]
[BlackElo "1228"]
[PlyCount "53"]
[EventDate "2013.03.17"]
[EventType "swiss"]
[EventRounds "9"]
[EventCountry "POL"]
[SourceTitle "CBM 153 Extra"]
[Source "ChessBase"]
[SourceDate "2013.04.22"]
[SourceVersion "1"]
[SourceVersionDate "2013.04.22"]
[SourceQuality "1"]

1. e4 e5 2. Nf3 Nc6 3. Bb5 a6 4. Ba4 Nf6 5. 0-0 b5 6. Bb3 Bc5 7. Nxe5 Nxe5 8. d4 Bxd4 9. Qxd4 d6 10. c3 Bb7 11. Bc2 h6 12. f4 Ng6 13. e5 dxe5 14. fxe5 Qxd4+ 15. cxd4 Nd5 16. Nc3 Nge7 17. Bd2 f6 18. e6 0-0-0 19. a4 Nb4 20. Bb3 Rxd4 21. Be3 Rd3 22. Bc5 Nec6 23. axb5 axb5 24. Rad1 Re8 25. Rde1 Ba6 26. e7 Kd7 27. Be6# 1-0

[Event "POL-ch U18 Girls"]
[Site "Szczyrk"]
[Date "2013.??.??"]
[Round "9"]
[White "Kadziela, Agnieszka"]
[Black "Fedak, Aleksandra"]
[Result "0-1"]
[WhiteElo "1451"]
[BlackElo "1228"]
[PlyCount "98"]
[EventDate "2013.03.17"]
[EventType "swiss"]
[EventRounds "9"]
[EventCountry "POL"]
[SourceTitle "CBM 153 Extra"]
[Source "ChessBase"]
[SourceDate "2013.04.22"]
[SourceVersion "1"]
[SourceVersionDate "2013.04.22"]
[SourceQuality "1"]

1. d4 Nf6 2. c4 g6 3. e3 Bg7 4. Nf3 0-0 5. Bd3 d6 6. Nc3 c5 7. 0-0 cxd4 8. Nxd4 Re8 9. Nf3 Nc6 10. a3 a5 11. Rb1 d5 12. cxd5 Nxd5 13. Nxd5 Qxd5 14. Bc2 Qxd1 15. Bxd1 Bf5 16. Ra1 Red8 17. Nd2 Bd3 18. Re1 Ne5 19. Be2 Bxe2 20. Rxe2 b5 21. Rb1 Nd3 22. Nf3 Nxc1 23. Rxc1 Rac8 24. Rb1 b4 25. axb4 axb4 26. b3 Rc3 27. Ne1 Rdc8 28. Nf3 Rc1+ 29. Rxc1 Rxc1+ 30. Re1 Rc2 31. Rb1 f5 32. g3 Kf7 33. Ne1 Ra2 34. Nd3 Bc3 35. Nc5 Rd2 36. Na4 Ke6 37. Nxc3 bxc3 38. Rc1 c2 39. Kg2 Kd5 40. Kf3 Kc5 41. e4 Kd4 42. exf5 gxf5 43. b4 Kc3 44. b5 Rd1 45. Rxc2+ Kxc2 46. b6 Rb1 47. Kf4 Rxb6 48. Kxf5 Rf6+ 49. Ke5 Rxf2 0-1